000 00664nam a2200229 a 4500
999 _c10579
_d10579
001 10579
003 BD-JhCC
005 20180723124032.0
008 180723s19692016bg |||| |||| 000 0 ben d
020 _a9844600369
035 _a(BD-JhCC)10579
040 _aBD-JhCC
_dBD-JhCC
041 _aben
082 _a891.4415
_bUDD 2017
100 _aউদ্দীন, জসীম
245 _aজলের লেখন /
_cজসীম উদ্দীন
260 _aঢাকা :
_bপলাশ,
_c২০১৬.
300 _a৭২ পৃ. :
_c২১ সেমি.
650 _aবাংলা কবিতা
650 _aBengali poem
942 _2ddc
_cBK